000 00681nam a22001697a 4500
999 _c63378
_d63378
003 Ge_BSU
005 20250926164120.0
008 250926s1976 ge ||||| |||| 00| 0 geo d
041 _ageo
080 _a331.101.386(479.22) დ-43
100 _aდიაკონიძე, ო.
_925888
245 _aდიდი გზის დასაწყისი /
_b
_cო. დიაკონიძე.
264 _aთბილისი :
_b საბჭ. საქართველო,
_c1976.
300 _a106 გვ. ;
_b20 სმ.
653 _aსოციალისტური შეჯიბრება საქართველოში.
942 _2udc
_cᲬᲘᲒᲜᲘ